Možnosti diagnostiky nelegálneho zamestnávania v podniku

Nelegálne zamestnávanie ako súčasť šedej ekonomiky. Najčastejšie dôvody nelegálnej práce. Negatíva nelegálneho zamestnávania. Pozitíva nelegálneho zamestnávania. Indikátory nelegálneho zamestnávania v podnikových procesoch.

Saved in:
Bibliographic Details
Main Author: Šagátová, Slavka, 1975-
Format: Book Chapter
Language:Slovak
Subjects:
Tags: Add Tag
No Tags, Be the first to tag this record!

MARC

LEADER 00000nla a2200000 4500
001 0226670
005 20240523121131.5
041 0 |a slo 
044 |a SK 
245 1 0 |a Možnosti diagnostiky nelegálneho zamestnávania v podniku  |c Slávka Šagátová 
520 |a Nelegálne zamestnávanie ako súčasť šedej ekonomiky. Najčastejšie dôvody nelegálnej práce. Negatíva nelegálneho zamestnávania. Pozitíva nelegálneho zamestnávania. Indikátory nelegálneho zamestnávania v podnikových procesoch. 
610 2 0 |a práca nelegálna 
610 2 0 |a zamestnanosť 
610 2 0 |a produktivita práce 
610 2 0 |a ekonomika tieňová 
610 2 0 |a dane 
610 2 0 |a odvody 
610 2 0 |a podnik 
100 1 |a Šagátová, Slavka, 1975-